000 01513nam a22002777a 4500
005 2011070406276.0
020 _a8182633370
_c15.00
020 _a9788182633377
_c15.00
035 _aB-432629-633
037 _aDPL
_bBlue Berry
082 _aS
100 _aKirloskar, Leela
_929895
245 _aWinter /
_cby Leela Kirloskar [and] Arvind Passi; illustrated by Amit Adhikari
250 _a3rd
260 _aNew Delhi
_bPratham Books
_c2009
270 _a633-634, 4th "C" Main, 6th 'B' Cross, OMBR Layout, Banaswadi
_bBangalore
_e560043
_k011-65684113
300 _a8p.
_bill.
_c13 cm.(pbk)
700 _aPassi, Arvind
_929160
942 _2ddc
_cCH
_hS
_mKIR
999 _c53581
_d53581